[Event "Sentjur Ipavec Memorial 11th"]
[Site "Sentjur"]
[Date "2010.09.19"]
[Round "4"]
[White "Jeran, Bostjan"]
[Black "Hrenic, Misa"]
[Result "1-0"]
[WhiteElo "2243"]
[BlackElo "2043"]
[PlyCount "140"]
[EventDate "2010.09.17"]
[EventType "swiss"]
[EventRounds "9"]
[EventCountry "SLO"]
[SourceTitle "CBM 138 Extra"]
[Source "ChessBase"]
[SourceDate "2010.10.29"]
[SourceVersion "1"]
[SourceVersionDate "2010.10.29"]
[SourceQuality "1"]

1. Nf3 d5 2. g3 Nf6 3. Bg2 c6 4. b3 Bg4 5. c4 e6 6. Bb2 Nbd7 7. 0-0 Bd6 8. d3 0-0 9. Qc2 Qc7 10. e3 e5 11. a3 a5 12. Nbd2 Rfe8 13. Rfc1 Qd8 14. h3 Bh5 15. Nh4 Rc8 16. Nf5 Bc7 17. b4 Bg6 18. Nh4 dxc4 19. Nxc4 axb4 20. axb4 Nd5 21. Nxg6 hxg6 22. Qb3 Qe7 23. Ba3 b5 24. Nd2 Qe6 25. Ne4 Bb6 26. Bb2 Qe7 27. Bc3 Ra8 28. Bd2 Rxa1 29. Rxa1 Kh7 30. h4 f6 31. Rc1 Nb8 32. Qa2 Rd8 33. Qb1 Ba7 34. Qa2 Bb6 35. Nc5 Bxc5 36. bxc5 Qb7 37. Ba5 Rd7 38. Bh3 Re7 39. e4 Nc7 40. Bd2 Nba6 41. Be3 b4 42. Rb1 Nb5 43. Qa5 Na3 44. Rb2 Qb5 45. Qd8 Ra7 46. Be6 Qb8 47. Qxb8 Nxb8 48. Rxb4 Nb5 49. Rb2 Ra1+ 50. Kg2 Na6 51. Ra2 Rxa2 52. Bxa2 Nb4 53. Bc4 Na3 54. Bb3 Nxd3 55. Kf3 Nb4 56. Ke2 Nb5 57. Kd2 Na6 58. Ba4 Nac7 59. Kd3 Kg8 60. Bd2 Nd4 61. Be3 Ncb5 62. Kc4 Kf7 63. Kb4 Ke7 64. Ka5 Kd7 65. Kb6 f5 66. exf5 gxf5 67. Bd2 Nc7 68. h5 Nd5+ 69. Kb7 Ne7 70. Bg5 Ng8 1-0